03182nam a22002537a 45000010005000000030006000050050017000110080041000280400029000690500008000980820010001061000015001162450212001312600045003433000050003885050008004385201541004465200701019875210029026885210020027176500113027376500051028507000027029019218FISKH20251203084904.0251203b cb ||||| |||| 00| 0 eng d aFISKHbkhrcFISKHdFISKH aPZ7 a398.2 aSarik , Iv aពេលដែលវីរជនត្រូវសំលាប់ :bWhen the heroes are killed / cនិពន្ធដោយ អុីវ សារីក , គូររូបដោយ អេត អូ​ aភ្នំពេញ : c២០០៨ . a18 pages : bcolor illustrations ; c30 cm .  aJ  aតាំងពីដើមឡើយទឹកសមុទ្រតែងតែបោកបក់ធ្វើអោយច្រាំងដីបាក់ជារៀងរាល់ឆ្នាំ ។ សត្វនិងរុក្ខជាតិនៅក្នុងព្រៃមានការបារម្ភេជាខ្លាំងក៏បើកអង្គប្រជុំដើម្បីរកវិធីដោះស្រាយ ។ តែពួកគេមិនអាចដោះស្រាយបានទេ ។ នៅទីបំផុតដើមកោងកាងក៏ស្ម័គ្រចិត្តទៅប្រយុទ្ធនឹងសមុទ្រ ។​ ដោយហេតុនេះហើយទើបមានដើមកោងកាងដុះក្រាស់នៅតាមសមុទ្រការពារដី។ ដោយសារពលីកម្មនេះរុក្ខជាតិនិងសត្វក៏រស់នៅសុខសប្បាយរហូត ។ ពួកគេគោរពកោងកាងជារីរជន ហើយកោរសក់មួយឆ្នាំម្តងដើម្បីសងគុណ ។ ដូច្នេះទើបរុក្ខជាតិតែងតែជម្រុះស្លឹករៀងរាល់មួយឆ្នាំម្តង ។ ប៉ុន្តែបច្ចុប្បន្ននេះព្រៃកោងកាងត្រូវបានបំផ្លាញដោយមនុស្ស ។  aFrom the very beginning, the sea had always beaten against the shore, causing the land to erode year after year. The animals and plants in the forest were deeply worried and held a meeting to find a solution. But they could not find one. At last, the mangrove tree volunteered to fight against the sea. Because of this sacrifice, mangrove trees grew thick along the coast to protect the land. Thanks to this effort, the plants and animals lived happily ever since. They honored the mangrove as their hero and shed their leaves once a year as an offering of gratitude. That is why plants always shed their leaves once every year. But nowadays, the mangrove forests are being destroyed by humans.8 a500 bLexile estimate 8 aJ bRaz-Plus  aពេលដែលវីរជនត្រូវសំលាប់vរឿងនិទានអប់រំ  aWhen the heroes are killedvChildren's Stories aO , Eth eIllustrator